Name All Why Don't We Songs - Statistics

General Stats
  • This quiz has been taken 546 times
    505 since last reset
  • The average score is 26 of 39
Answer Stats
Questions Answer % Correct
8 Letters 8 Letters
94%
Something Different Something Different
88%
Free
86%
Invitation Invitation
86%
Only The Beginning Taking You
86%
Why Don't We Just Why Don't We Just
85%
Hooked
78%
Talk
78%
Choose
76%
Friends
76%
In Too Deep
74%
Falling
73%
Hard
73%
Singles These Girls
73%
A Why Don't We Christmas Kiss You This Christmas
72%
M.I.A.
69%
Nobody Gotta Know
69%
Trust Fund Baby
67%
Cold in LA
66%
Just to See You Smile
66%
2019 Singles Big Plans
65%
Boomerang
64%
Perfect
64%
Runner
62%
Silent Night
61%
I Don't Belong in This Club
58%
All My Love
57%
Air of the Night
56%
Words I Didn't Say
56%
Made For
55%
Tell Me
55%
I Depend On You
54%
On My Way
54%
You and Me at Christmas
53%
Hey Good Lookin'
52%
We the Party
51%
Turn It Off
50%
Never Know
48%
Merry Little Christmas
45%
No matching quizzes found
Score Distribution
Percent of People with Each Score
Percentile by Number Answered
Your Score History
You have not taken this quiz since the last reset